Section 50 agreements (Record no. 115222)

MARC details
000 -LEADER
fixed length control field 00865cam a22002295a 4500
001 - CONTROL NUMBER
control field L158243
008 - FIXED-LENGTH DATA ELEMENTS--GENERAL INFORMATION
fixed length control field 14110 s198 xxk f 000 0 eng d
035 ## - SYSTEM CONTROL NUMBER
System control number (Sirsi) u158243
041 0# - LANGUAGE CODE
Language code of text/sound track or separate title eng
110 2# - MAIN ENTRY--CORPORATE NAME
Corporate name or jurisdiction name as entry element Royal Institution of Chartered Surveyors. Scottish Branch. Planning and Development Division
9 (RLIN) 961
245 00 - TITLE STATEMENT
Title Section 50 agreements
Remainder of title a guide to practitioners
260 ## - PUBLICATION, DISTRIBUTION, ETC.
Place of publication, distribution, etc. Edinburgh
Name of publisher, distributor, etc. RICS
Date of publication, distribution, etc. 1981
300 ## - PHYSICAL DESCRIPTION
Extent 20p., 30cm
490 #0 - SERIES STATEMENT
Series statement Practice Note No 4 (Scotland)
520 ## - SUMMARY, ETC.
Summary, etc. Provides guidance on procedures and practice relating to planning agreements made under the Town and Country Planning (Scotland) Act 1972 s50 known as Section 50 agreements.
590 ## - LOCAL NOTE (RLIN)
Local note KA
650 24 - SUBJECT ADDED ENTRY--TOPICAL TERM
Topical term or geographic name entry element PLANNING APPEALS
650 24 - SUBJECT ADDED ENTRY--TOPICAL TERM
Topical term or geographic name entry element TOWN AND COUNTRY PLANNING (SCOTLAND) ACT 1972
651 #4 - SUBJECT ADDED ENTRY--GEOGRAPHIC NAME
Geographic name Scotland
690 ## - LOCAL SUBJECT ADDED ENTRY--TOPICAL TERM (OCLC, RLIN)
Topical term or geographic name as entry element Planning and development
9 (RLIN) 6259
942 ## - ADDED ENTRY ELEMENTS (KOHA)
Suppress in OPAC 0
Holdings
Withdrawn status Lost status Source of classification or shelving scheme Damaged status Not for loan Home library Current library Shelving location Date acquired Total Checkouts Full call number Barcode Date last seen Copy number Price effective from Koha item type
    Dewey Decimal Classification     Archives Archives RICS Boxes 06/11/2014   RICS 1981/85 30075181 06/08/2019 1 06/08/2019 Book
    Dewey Decimal Classification     London London RICS Boxes 06/11/2014   1981/85 50001826 06/08/2019 1 06/08/2019 Book